Human life : a biblical perspective for bioethics /

Saved in:
Bibliographic Details
Main Author: Nelson, J. Robert (John Robert), 1920-
Format: Book
Language:English
Published: Philadelphia : Fortress Press, c1984.
Subjects:
LEADER 00964nam a2200253 a 4500
001 c000002931
003 CARM
005 00000000000000.0
008 s1984 pau b 00110 eng
019 1 |a 2901462  |5 LACONCORD2021 
020 |a 0800617541 (pbk.) :  |c $10.95 
035 |a (OCoLC)9684882  |5 LACONCORD2021 
050 0 0 |a BS680.L5  |b N44 1984 
082 0 0 |a 233  |2 19 
100 1 |a Nelson, J. Robert  |q (John Robert),  |d 1920- 
245 1 0 |a Human life :  |b a biblical perspective for bioethics /  |c J. Robert Nelson. 
260 |a Philadelphia :  |b Fortress Press,  |c c1984. 
300 |a xi, 194 p. ;  |c 22 cm. 
504 |a Includes bibliographical references and indexes. 
650 0 |a Life  |x Biblical teaching. 
650 0 |a Bioethics. 
852 8 |b CARM  |h A2:AE15A0  |i B00260  |p 0011349  |f BK 
999 f f |i 5bc61e1d-d6d7-50b6-8c73-0d65a9b736b8  |s b72cc933-e855-54e0-96dc-661b2e5b4d5a 
952 f f |p Can circulate  |a CAVAL  |b CAVAL  |c CAVAL  |d CARM 1 Store  |e B00260  |f A2:AE15A0  |h Other scheme  |i book  |m 0011349